[Event "Calgary op 10th"]
[Site "Calgary"]
[Date "2017.08.04"]
[Round "4"]
[White "Booker, Brad"]
[Black "Zhao, Ian"]
[Result "1-0"]
[WhiteElo "2114"]
[BlackElo "1844"]
[PlyCount "82"]
[EventDate "2017.08.02"]
[EventType "swiss"]
[EventRounds "9"]
[EventCountry "CAN"]
[SourceTitle "EXT 2018"]
[Source "ChessBase"]
[SourceDate "2017.10.13"]
[SourceVersion "1"]
[SourceVersionDate "2017.10.13"]
[SourceQuality "1"]

1. e4 e5 2. Nf3 Nc6 3. Bb5 a6 4. Ba4 Nf6 5. 0-0 Be7 6. Re1 b5 7. Bb3 d6 8. c3 0-0 9. d3 Na5 10. Bc2 c5 11. Nbd2 Re8 12. Nf1 Bf8 13. Bg5 h6 14. Bh4 Bd7 15. Ne3 g6 16. Qd2 Kh7 17. a4 Bg7 18. Nd5 Be6 19. axb5 Bxd5 20. exd5 axb5 21. b4 Nb7 22. Bb3 Qc7 23. Rab1 Nh5 24. Rec1 c4 25. dxc4 bxc4 26. Bc2 Ra2 27. Bxg6+ fxg6 28. Qxa2 Nf4 29. Bg3 Nd3 30. Rc2 Rc8 31. Nd2 Qf7 32. Nxc4 Qxd5 33. Na5 Qxa2 34. Rxa2 Rc7 35. c4 Bf8 36. Nxb7 Rxb7 37. b5 Nc5 38. b6 Kg8 39. Ra7 Be7 40. Rxb7 Nxb7 41. Ra1 Bd8 1-0

[Event "Calgary op 10th"]
[Site "Calgary"]
[Date "2017.08.03"]
[Round "3"]
[White "Malek, Omid"]
[Black "Booker, Brad"]
[Result "1-0"]
[WhiteElo "2090"]
[BlackElo "2114"]
[PlyCount "77"]
[EventDate "2017.08.02"]
[EventType "swiss"]
[EventRounds "9"]
[EventCountry "CAN"]
[SourceTitle "EXT 2018"]
[Source "ChessBase"]
[SourceDate "2017.10.13"]
[SourceVersion "1"]
[SourceVersionDate "2017.10.13"]
[SourceQuality "1"]

1. d4 Nf6 2. Bg5 g6 3. Bxf6 exf6 4. e3 Bg7 5. g3 d6 6. Bg2 Nd7 7. Ne2 f5 8. 0-0 Nf6 9. c4 0-0 10. Nbc3 Re8 11. b4 c6 12. Rb1 Ne4 13. Qd3 d5 14. cxd5 cxd5 15. Rfc1 h5 16. Qb5 Be6 17. Bxe4 fxe4 18. Nf4 g5 19. Nxe6 fxe6 20. Qxb7 Qf6 21. Nd1 h4 22. Qa6 h3 23. Qe2 Qf5 24. b5 Re7 25. Rc6 g4 26. Nc3 Rf8 27. a4 Ref7 28. Rf1 e5 29. dxe5 Bxe5 30. Nxd5 Bxg3 31. Ne7+ Rxe7 32. fxg3 Qg5 33. Rf4 Rxf4 34. exf4 Qg7 35. Rc5 Qa1+ 36. Kf2 Rg7 37. Qc4+ Kh7 38. Qxe4+ Kh6 39. Rc6+ 1-0

[Event "Alberta op"]
[Site "Calgary"]
[Date "2016.10.09"]
[Round "3"]
[White "Kazmaier, Daniel"]
[Black "Booker, Brad"]
[Result "1/2-1/2"]
[WhiteElo "2209"]
[BlackElo "2120"]
[PlyCount "91"]
[EventDate "2016.10.08"]
[EventType "swiss"]
[EventRounds "6"]
[EventCountry "CAN"]
[SourceTitle "EXT 2018"]
[Source "ChessBase"]
[SourceDate "2017.10.13"]
[SourceVersion "1"]
[SourceVersionDate "2017.10.13"]
[SourceQuality "1"]

1. d4 Nf6 2. Bg5 g6 3. c4 Bg7 4. Nc3 d6 5. Qd2 h6 6. Bh4 g5 7. Bg3 Nh5 8. e4 Nc6 9. d5 Ne5 10. Be2 Nxg3 11. hxg3 Bf6 12. f4 Ng6 13. Nf3 c5 14. fxg5 hxg5 15. Rxh8+ Bxh8 16. Nxg5 Be5 17. Qe3 Bd4 18. Qf3 Ne5 19. Qh5 Qa5 20. Kd2 Qb4 21. Kc2 Bxc3 22. bxc3 Qa4+ 23. Kd2 Qa3 24. Rc1 Qxa2+ 25. Rc2 Qb1 26. Qh7 a5 27. Nxf7 Nxf7 28. Qg8+ Kd7 29. Qxf7 Kc7 30. Qxe7+ Bd7 31. Bg4 Rd8 32. e5 dxe5 33. Qxc5+ Kb8 34. Qd6+ Kc8 35. Bxd7+ Rxd7 36. Qf8+ Kc7 37. Qf5 e4 38. Qe5+ Kd8 39. Qh8+ Kc7 40. Qe5+ Kd8 41. d6 Rf7 42. Qxa5+ Kc8 43. Qa8+ Kd7 44. Qa4+ Kd8 45. Qa8+ Kd7 46. Qa4+ 1/2-1/2

[Event "Alberta-ch Seniors"]
[Site "Calgary"]
[Date "2016.04.24"]
[Round "4"]
[White "Booker, Brad"]
[Black "Aspler, Gerald"]
[Result "1-0"]
[WhiteElo "2121"]
[BlackElo "1780"]
[PlyCount "62"]
[EventDate "2016.04.23"]
[EventType "swiss"]
[EventRounds "5"]
[EventCountry "CAN"]
[SourceTitle "EXT 2017"]
[Source "ChessBase"]
[SourceDate "2016.10.25"]
[SourceVersion "1"]
[SourceVersionDate "2016.10.25"]
[SourceQuality "1"]

1. e4 c5 2. Nf3 e6 3. d3 Nc6 4. g3 d6 5. Bg2 Nf6 6. 0-0 Be7 7. Nbd2 0-0 8. a4 Rb8 9. Qe2 e5 10. Nc4 Bg4 11. c3 Qd7 12. Re1 h6 13. Qc2 Rfc8 14. Ne3 Be6 15. Nh4 Nh7 16. Nef5 Bg5 17. f4 exf4 18. gxf4 Bf6 19. Qf2 Kh8 20. Ne3 Bxh4 21. Qxh4 f5 22. exf5 Bxf5 23. Nxf5 Qxf5 24. Be4 Qf6 25. Qg4 Rf8 26. Re3 Qf7 27. Bg6 Nf6 28. Qg2 Qd5 29. Be4 Qg8 30. Qc2 Nd5 31. Rg3 Rf6 1-0

[Event "Calgary"]
[Site "Calgary"]
[Date "2014.11.07"]
[Round "2.5"]
[White "Haessel, Dale R"]
[Black "Booker, Brad"]
[Result "1-0"]
[WhiteElo "2155"]
[BlackElo "2062"]
[PlyCount "75"]
[EventDate "2014.11.06"]
[EventType "tourn"]
[EventRounds "9"]
[EventCountry "CAN"]
[SourceTitle "EXT 2022"]
[Source "ChessBase"]
[SourceDate "2021.10.06"]
[SourceVersion "1"]
[SourceVersionDate "2021.10.06"]
[SourceQuality "1"]

1. d4 f5 2. Nf3 Nf6 3. c4 g6 4. g3 Bg7 5. b3 d5 6. Bb2 Be6 7. Nc3 c6 8. e3 Nbd7 9. Ng5 Bg8 10. Be2 h6 11. Nh3 g5 12. Bd3 Ne4 13. f3 Nxc3 14. Bxc3 e6 15. cxd5 cxd5 16. 0-0 Bh7 17. Rc1 0-0 18. Bb4 Rf7 19. Qd2 e5 20. dxe5 Nxe5 21. Be2 a6 22. Bc3 Rd7 23. Rfd1 Qe7 24. Nf2 Rad8 25. Qb2 f4 26. exf4 d4 27. Ba5 gxf4 28. Bxd8 Rxd8 29. gxf4 d3 30. fxe5 Bxe5 31. Qd2 Qh4 32. Ng4 Bd4+ 33. Kh1 dxe2 34. Qxe2 Bf5 35. Qc4+ Kg7 36. Rxd4 Rc8 37. Qf1 Re8 38. Qf2 1-0

[Event "Calgary Reserves"]
[Site "Calgary"]
[Date "2013.05.19"]
[Round "4"]
[White "Pramanik, Projjwal"]
[Black "Booker, Brad"]
[Result "1-0"]
[WhiteElo "1942"]
[BlackElo "2214"]
[PlyCount "88"]
[EventDate "2013.05.18"]
[EventType "swiss"]
[EventRounds "6"]
[EventCountry "CAN"]
[SourceTitle "EXT 2022"]
[Source "ChessBase"]
[SourceDate "2021.10.06"]
[SourceVersion "1"]
[SourceVersionDate "2021.10.06"]
[SourceQuality "1"]

1. Nf3 Nf6 2. g3 g6 3. Bg2 Bg7 4. d3 c5 5. 0-0 Nc6 6. e4 d6 7. Nbd2 Rb8 8. Re1 e5 9. c3 0-0 10. Nf1 Ne8 11. Be3 Qe7 12. Qd2 f6 13. Bh6 Be6 14. Bxg7 Nxg7 15. d4 Bg4 16. d5 Nd8 17. Ne3 Bd7 18. a4 f5 19. exf5 gxf5 20. Nc4 Nf7 21. b4 Rbc8 22. b5 Qf6 23. Nh4 Kh8 24. f4 e4 25. Bh3 Nh5 26. Ne3 Nh6 27. Nhg2 Rg8 28. Nf1 Rg7 29. Rac1 Rcg8 30. c4 Qd4+ 31. Kh1 Nxg3+ 32. hxg3 Rxg3 33. Qxd4+ cxd4 34. Nxg3 Rxg3 35. Kh2 Ra3 36. c5 dxc5 37. Rxc5 Rxa4 38. Rc7 Bxb5 39. Rxb7 Ra5 40. Rc1 Ba6 41. Rxa7 d3 42. Rcc7 d2 43. Ra8+ Ng8 44. Bxf5 h5 1-0

[Event "Red Deer Battle of Alberta"]
[Site "Red Deer"]
[Date "2011.09.24"]
[Round "1.6"]
[White "Gardner, Robert"]
[Black "Booker, Brad"]
[Result "1-0"]
[WhiteElo "2304"]
[BlackElo "2192"]
[PlyCount "57"]
[EventDate "2011.09.24"]
[EventType "team-match"]
[EventRounds "2"]
[EventCountry "CAN"]
[SourceTitle "EXT 2022"]
[Source "ChessBase"]
[SourceDate "2021.10.06"]
[SourceVersion "1"]
[SourceVersionDate "2021.10.06"]
[SourceQuality "1"]

1. d4 Nf6 2. c4 g6 3. Nc3 Bg7 4. e4 d6 5. Nf3 0-0 6. h3 Nc6 7. d5 Ne5 8. Nxe5 dxe5 9. Bg5 h6 10. Be3 e6 11. Qd2 exd5 12. cxd5 Qe7 13. Bd3 Kh7 14. 0-0 Bd7 15. Rac1 Nh5 16. Ne2 Rfc8 17. g4 Qh4 18. gxh5 Bxh3 19. hxg6+ Kxg6 20. Rfe1 Bf6 21. Ng3 Rg8 22. Bf1 Rg7 23. Bxh3 Qxh3 24. Qe2 Kh7 25. Qf3 h5 26. Qxf6 Kg8 27. Bh6 Rg6 28. Qf5 Qh4 29. Rxc7 1-0

[Event "Red Deer Battle of Alberta"]
[Site "Red Deer"]
[Date "2010.08.21"]
[Round "2.6"]
[White "Kalisvaart, Peter"]
[Black "Booker, Brad"]
[Result "1/2-1/2"]
[WhiteElo "2213"]
[BlackElo "2188"]
[PlyCount "68"]
[EventDate "2010.08.21"]
[EventType "match"]
[EventRounds "2"]
[EventCountry "CAN"]
[SourceTitle "EXT 2022"]
[Source "ChessBase"]
[SourceDate "2021.10.06"]
[SourceVersion "1"]
[SourceVersionDate "2021.10.06"]
[SourceQuality "1"]

1. d4 Nf6 2. Bg5 g6 3. Bxf6 exf6 4. e3 Bg7 5. c4 d6 6. Nc3 Nd7 7. g3 f5 8. Bg2 Nf6 9. Nge2 0-0 10. 0-0 Re8 11. Qd3 c6 12. b4 Bd7 13. Rad1 Qe7 14. d5 Rad8 15. dxc6 Bxc6 16. Nd5 Bxd5 17. Bxd5 Ng4 18. Nf4 Ne5 19. Qa3 b6 20. Ng2 Rc8 21. Qb3 Rc7 22. Rc1 Rec8 23. Nf4 h6 24. c5 dxc5 25. bxc5 Rxc5 26. Rxc5 Qxc5 27. Nd3 Nxd3 28. Qxd3 Bf6 29. h4 Rd8 30. Rd1 a5 31. e4 fxe4 32. Qxe4 Kg7 33. h5 Qe7 34. Qf3 Qe5 1/2-1/2

[Event "Vancouver Keres Memorial 16th"]
[Site "Vancouver"]
[Date "1991.05.19"]
[Round "3"]
[White "Moore, Harry"]
[Black "Booker, Brad"]
[Result "1-0"]
[WhiteElo "2323"]
[BlackElo "2273"]
[PlyCount "67"]
[EventDate "1991.05.18"]
[EventType "swiss"]
[EventRounds "6"]
[EventCountry "CAN"]
[SourceTitle "EXT 2022"]
[Source "ChessBase"]
[SourceDate "2021.10.06"]
[SourceVersion "1"]
[SourceVersionDate "2021.10.06"]
[SourceQuality "1"]

1. d4 Nf6 2. c4 g6 3. Nc3 Bg7 4. Nf3 d6 5. g3 0-0 6. Bg2 Nbd7 7. 0-0 c6 8. h3 Qc7 9. e4 e5 10. Re1 h6 11. Be3 Kh7 12. Qc2 Re8 13. Rad1 exd4 14. Nxd4 Nc5 15. Nde2 Qe7 16. f3 Be6 17. b3 Red8 18. Nd4 Bd7 19. g4 Ne8 20. f4 Ne6 21. Nde2 N6c7 22. Bf2 Kg8 23. Qd2 Kh7 24. Kh1 Bf6 25. Rf1 Bh4 26. Be3 Bf6 27. Nd4 Ne6 28. Nf3 Bg7 29. Ne2 a5 30. Ng3 Qf6 31. f5 Nc5 32. e5 Qe7 33. exd6 Nxd6 34. Bxc5 1-0